The church is alive / (Record no. 3488)

MARC details
000 -LEADER
fixed length control field 00610nam a2200229Ii 4500
001 - CONTROL NUMBER
control field 5651
003 - CONTROL NUMBER IDENTIFIER
control field GBCCL
005 - DATE AND TIME OF LATEST TRANSACTION
control field 20241126110456.0
008 - FIXED-LENGTH DATA ELEMENTS--GENERAL INFORMATION
fixed length control field 791009s1971 ilu 00000 eng d
035 ## - SYSTEM CONTROL NUMBER
System control number OCM05506574 830624
040 ## - CATALOGING SOURCE
Original cataloging agency TLT
Transcribing agency TLT
Modifying agency LBB
049 ## -
-- LBBK
082 ## - DEWEY DECIMAL CLASSIFICATION NUMBER
Classification number 262
Item number DOL
090 ## - LOCALLY ASSIGNED LC-TYPE CALL NUMBER (OCLC); LOCAL CALL NUMBER (RLIN)
Classification number (OCLC) (R) ; Classification number, CALL (RLIN) (NR) BV660.2
Local cutter number (OCLC) ; Book number/undivided call number, CALL (RLIN) .D65
092 ## - LOCALLY ASSIGNED DEWEY CALL NUMBER (OCLC)
Classification number 261.1
Item number D665
100 10 - MAIN ENTRY--PERSONAL NAME
Personal name Dolphin, Lambert T , Jr.
9 (RLIN) 7031
245 14 - TITLE STATEMENT
Title The church is alive /
Statement of responsibility, etc. by Lambert T. Dolphin, Jr.
260 0# - PUBLICATION, DISTRIBUTION, ETC.
Place of publication, distribution, etc. Westchester, IL :
Name of publisher, distributor, etc. Good News Publishers,
Date of publication, distribution, etc. c1971.
300 ## - PHYSICAL DESCRIPTION
Extent 96 p. ;
Dimensions 20 cm.
650 #0 - SUBJECT ADDED ENTRY--TOPICAL TERM
Topical term or geographic name entry element Church.
9 (RLIN) 263
942 ## - ADDED ENTRY ELEMENTS (KOHA)
Source of classification or shelving scheme Dewey Decimal Classification
Koha item type Books
Holdings
Withdrawn status Lost status Source of classification or shelving scheme Damaged status Not for loan Home library Current Library Shelving location Date acquired Total checkouts Full call number Barcode Date last seen Copy number Price effective from Koha item type
    Dewey Decimal Classification     GRACE BIBLE COLLEGE GRACE BIBLE COLLEGE Ministry & Mission 2017-11-28   262 DOL 002065 2025-05-01 c.1 2017-11-28 Books
© Grace Bible College Library 2025